| 000 | 00973nam a2200229 a 4500 | ||
|---|---|---|---|
| 008 | 120416s1978 ||||||||||||||||| || u | ||
| 020 | _a0333253191 | ||
| 050 | _aHN 980 Hoo | ||
| 100 | _aHoogvelt, Ankie Maria Margaretha | ||
| 245 | 1 | 4 | _aThe sociology of developing societies |
| 250 | _a2nd. ed. | ||
| 260 |
_aBasingstoke, Hampshire _bMacmillan _c1978 |
||
| 300 | _ax, 209p. : ill | ||
| 350 | _a0.00 | ||
| 500 | _aIncludes bibliographical references and indexes. | ||
| 650 | _aSOCIAL EVOLUTION | ||
| 650 | 0 | _aDIFFUSION OF INNOVATIONS | |
| 650 | 0 | _aECONOMIC DEVELOPMENT--AFRICA, SUB-SAHARAN | |
| 650 | _aDEVELOPING COUNTRIES--SOCIAL CONDITIONS | ||
| 995 |
_aMAIN LIBRARY OPEN ACCESS _D0.00 _e709176 _FCBU-MAIN LIBRARY (Kitwe) _H1 _I6.95 _jHN 980 Hoo _M1 _UAVAILABLE _y007806 _ZMain Library Open Access Collection |
||
| 995 |
_aMAIN LIBRARY OPEN ACCESS _D0.00 _e705834 _FCBU-MAIN LIBRARY (Kitwe) _H2 _I6.95 _jHN 980 Hoo _M2 _UAVAILABLE _y007807 _ZMain Library Open Access Collection |
||
| 999 |
_c76612 _d76612 |
||